000
00341nam a2200157Ia 4500
100
_a
Mahajan/M.S
650
_a
Metrology
942
_c
BK
366
_f
14
654
_a
metrology
245
_a
Metrology and quality control
260
_b
Dhanpat Rai & Sons
_c
2015
082
_a
620
_b
MAH
300
_a
368
546
_a
ENGLISH
_c
Info.Tech
999
_c
25569
_d
25569